00530nam a22001697a 450000500170000001000150001702000250003203500140005703700130007108200080008410000210009224501040011326000360021727000520025330000330030570000220033820220627122424.0 aENG-133390 a9788181804617c50.00 aEN-116922 bDBAD/PUB a526 aKrishna, S. Rama aB.A./ B.Sc. Pratical Geography Second Year Semester-III & IV/cS. Rama Krishna and R. Sudhakar Goud aHyderabadbTelugu Akademic2017 aHimayatnagarbHyderabadminfo@teluguacademy.net a108p.bReferencesc24cm(pbk) aGoud, R. Sudhakar